Nghiên cứu, xây dựng hệ thống tích hợp đa cảm biến hỗ trợ giám sát các thông số môi trường nước lợ tại trang trại nuôi tôm khu vựcTp. Hồ Chí Minh : Báo cáo đề tài NCKH và PTCN cấp Bộ năm 2019
保存先:
| 第一著者: | |
|---|---|
| フォーマット: | Đề tài khoa học |
| 言語: | Undetermined |
| 出版事項: |
Trường Đại học Công nghiệp Tp. Hồ Chí Minh
2019
|
| 主題: | |
| タグ: |
タグ追加
タグなし, このレコードへの初めてのタグを付けませんか!
|
| Thư viện lưu trữ: | Trung tâm Thư viện - Trường Đại học Công nghiệp TP. Hồ Chí Minh |
|---|
| LEADER | 00814nam a2200157Ia 4500 | ||
|---|---|---|---|
| 001 | UIH_00711 | ||
| 008 | 230809s9999 xx 000 0 und d | ||
| 082 | |a 621.381 | ||
| 100 | |a Bùi, Thư Cao | ||
| 245 | 0 | |a Nghiên cứu, xây dựng hệ thống tích hợp đa cảm biến hỗ trợ giám sát các thông số môi trường nước lợ tại trang trại nuôi tôm khu vựcTp. Hồ Chí Minh : Báo cáo đề tài NCKH và PTCN cấp Bộ năm 2019 | |
| 245 | 0 | |c Bùi, Thư Cao | |
| 260 | |b Trường Đại học Công nghiệp Tp. Hồ Chí Minh | ||
| 260 | |c 2019 | ||
| 650 | |a Kỹ thuật điện tử | ||
| 927 | |a Đề tài khoa học | ||
| 980 | |a Trung tâm Thư viện - Trường Đại học Công nghiệp TP. Hồ Chí Minh | ||